00770nam a22001937a 4500999001900000005001700019010001500036020002600051035001400077037000900091082000800100245009700108260004500205270011100250300002000361700002900381942002200410952014400432 c186855d18685520220321151509.0 aENG-132048 a9789387234956c150.00 aEN-115580 bDBAD a485 aCoral's Premier Book of Precis Writing Drafting & Report Writing/cEdited by Shrinivasan, S. aChennai bUnique Media Integratorsc2019 a#8, 6th Cross, 8th Main Road, Vaishnavi Nagar, ThirumullaivoyalbChennaie600109mcoralbooks2016@gmail.com a192pc21cm(pbk) aEdited by S, Shrinivasan 2ddccENh485mSHR 001040708NFICaBL1bBL1d2022-03-21eDBAD/PUBg150.00l3o485 SHRpEN-115580q2026-06-16r2026-06-02 15:52:53s2026-06-02t1v150.00yEN